000 00435nam a22001577a 4500
005 20241113112253.0
008 241113b |||||||| |||| 00| 0 eng d
020 _a9789988837457
050 _aQD42
_bDOK
100 _aDOKU, GEORGE NARH
245 _aCHEMISTRY WORLD;
_bGENERAL PRINCIPLES OF CHEMISTRY
260 _aTEMA
_bULTRASCIENCE BOOKS AND PUBLICATIONS
_cc2007
300 _a294p
500 _aincludes index
942 _2lcc
_cBK
_n0
999 _c1106
_d1106